000
00273nam a22001097a 4500
008
170125b xxu||||| |||| 00| 0 eng d
020
_a
321116
041
_a
eng
080
_2
2ND
_a
618.2
245
_a
STANDARD FIRST AID & PERSONAL SAFETY
_c
AMERICAN RED CROSS
942
_2
udc
_c
BK
999
_c
3628
_d
3628